01158nam a2200301Ia 4500001001200000003000800012006001900020007001500039008004100054010001700095020001800112020001700130040002100147035002100168050002700189100002100216245006900237260006400306300001700370504005100387533015200438600005300590650002400643655002900667710001700696856012600713999001700839ebr10147212CaPaEBRm u cr cn|||||||||940407s1993 onc sb 001 0 eng d z 94142161  z9780889202252 z0889202257 : aCaPaEBRcCaPaEBR a(OCoLC)24356492514aPG3365.A63bT87 1993eb1 aTurner, C. J. G.12aA Karenina companionh[electronic resource] /cby C.J.G. Turner. aWaterloo, Ont. :bWilfrid Laurier University Press,cc1993. aviii, 220 p. aIncludes bibliographical references and index. aElectronic reproduction.bPalo Alto, Calif. :cebrary,d2009.nAvailable via World Wide Web.nAccess may be limited to ebrary affiliated libraries.10aTolstoy, Leo,cgraf,d1828-1910.tAnna Karenina. 0aRussian literature. 7aElectronic books.2local2 aebrary, Inc.40uhttp://site.ebrary.com/lib/rucke/Doc?id=10147212zAn electronic book accessible through the World Wide Web; click to view c88676d88676